| 000 | 00359nam a2200157Ia 4500 | ||
|---|---|---|---|
| 100 | _aSubramanian/Ramesh | ||
| 650 | _aComputers | ||
| 942 | _cBK | ||
| 366 | _f20 | ||
| 245 | _aPeer to peer computing:Evolution of a Disruptive technology | ||
| 260 |
_bIGP _c2004 |
||
| 082 |
_a5.758 _bSUB |
||
| 300 | _a308 | ||
| 546 |
_aENGLISH _celectronics |
||
| 999 |
_c24185 _d24185 |
||